01032nam a2200253 a 450000100060000000300080000600500170001400800410003103500190007204000270009104100080011808200260012611000430015224501140019526000630030930000390037249000670041165000220047865000320050083000750053294200120060799900170061995201420063650072BD-RjUL20211209075443.0160823r19691968enkad 000 0 eng d a(BD-RjUL)50192 aEUNcEUNbengdBD-RjUL aeng 223a382.082bAMR 19692 aAmerican Economic Association.915008710aReadings in the theory of international trade /cSelected by a committee of The American Economic Association aLondon :bGeorge Allen and Unwin,cc1968 [impression 1969] axvi, 604, [4] p. :bill. ;c22 cm.1 aThe Series of Republished Articles on Economics ;vVolume - 11 0aCommerce.9150053 0aInternational trade9150054 0aThe Series of Republished Articles on Economics ;vVolume - 119150088 2ddccBK c50072d50072 00102ddc40708NFICaRUCLbRUCLcStackd1975-05-28eGonathan & co.g3.75l0o382.082 AMR 1969r2016-08-23 00:00:00tC-2w2016-08-23yBK